00296nam a2200121Ia 4500003000400000008004100004040001600045082001700061245004000078260004000118300001100158490000500169GCL140319s9999 xx 000 0 ara d aGCL / cGCL04a811.1bق د10aديوان قيس بن الخطيم a[S.N] : bدار صادر ، c1991 a332 ص a